Fúzie a akvizície spôsob nielen na zlepšenie imidžu spoločnosti
Úloha fúzií a akvizícií v procese reštrukturalizácie rozvinutých ekonomických systémov. Charakteristika fúzie a akvizácie. Proces zlučovania spoločností. Fúzie a akvizície v bankovníctve. Fúzie firiem v USA
Gespeichert in:
| 1. Verfasser: | |
|---|---|
| Format: | Buch |
| Sprache: | Slowakisch |
| Schlagworte: | |
| Tags: |
Keine Tags, Fügen Sie das erste Tag hinzu!
|
MARC
| LEADER | 00000nam a2200000 4500 | ||
|---|---|---|---|
| 001 | r030885 | ||
| 005 | 20251104124720.7 | ||
| 041 | 0 | |a slo | |
| 044 | |a SK | ||
| 245 | 1 | 0 | |a Fúzie a akvizície |b spôsob nielen na zlepšenie imidžu spoločnosti |c Ján Kšinský |
| 520 | |a Úloha fúzií a akvizícií v procese reštrukturalizácie rozvinutých ekonomických systémov. Charakteristika fúzie a akvizácie. Proces zlučovania spoločností. Fúzie a akvizície v bankovníctve. Fúzie firiem v USA | ||
| 610 | 2 | 0 | |a fúzie |
| 610 | 2 | 0 | |a akvizícia |
| 610 | 2 | 0 | |a zlučovanie podnikov |
| 610 | 2 | 0 | |a banky |
| 610 | 2 | 0 | |a USA |
| 100 | 1 | |a Kšinský, Ján | |